000 00905nam a22002777i 4500
003 URS
005 20220117120638.0
008 180516b xxu||||| |||| 00| 0 eng d
020 _a0070328021 :
_c$32.50 (est.)
040 _aDLC
_erda
_cURS
_dDLC
_beng
050 0 0 _aNA1996
_b.J66 1983
100 1 _aJones, Gerre L.,
_d1926-
245 1 0 _aHow to market professional design services /
_cGerre Jones.-
250 _aSecond edition.-
264 1 _aNew York :
_bMcGraw-Hill,
_c[1983]
264 4 _c©1983
300 _axi, 338 pages :
_billustrations ;
_c25 cm
336 _atext
_btxt
_2rdacontent
337 _aunmediated
_bn
_2rdamedia
338 _avolume
_bnc
_2rdacarrier
504 _aIncludes bibliographical references and index.
650 0 _aArchitectural services marketing.
650 0 _aEngineering services marketing.
906 _a7
_bcbc
_corignew
_d1
_eocip
_f19
_gy-gencatlg
942 _2lcc
_cFR
999 _c5096
_d5096